00318nam a2200109Ia 4500008004100000082000800041100001900049245002400068942000600092952009500098999001500193240331s9999 xx 000 0 und d bKIR aJameel,A.S.H.M 0aKiramaththu ithayam cL 001040708LaWERCLbWERCLcSSCd2024-03-31l0o 398 KIRp6198r2024-03-31w2024-03-31yL c4753d4753